000 00882nam a22002297a 4500
999 _c11921
_d11921
005 20251125232833.0
008 s2544 th tha d
020 _a9743001026
040 _aNALT
041 _atha
050 _aDS578.32 น878ช 2544 ล.4
100 0 _aเนื่อง นิลรัตน์, ม.ล.
245 1 0 _aชีวิตนอกวัง 4 [3rd]
260 3 _aกรุงเทพฯ :
_bศรีสารา,
_c2544
300 _a321 หน้า ;
_b 21 ซม.
650 0 4 _aเนื่อง นิลรัตน์, ม.ล. -- ชีวประวัติ
700 0 _aเนื่อง นิลรัตน์, ม.ล.
850 _aNALT
856 4 0 _uhttps://hdl.handle.net/20.500.14156/417839
_71
942 _cGB
_2lcc
_01
998 _j111
_k นางสาวพจพิณ พรมเอี่ยม